Los primeros americanos /

Serie que trata sobre el devenir histórico del hombre, desde sus orígenes y gradual evolución hasta el desarrollo de diversas habilidades y comportamientos que lo llevaron a fundar las grandes civilizaciones.

Salvato in:
Dettagli Bibliografici
Autore principale: Claiborne, Robert (autor)
Natura: Libro
Lingua:spagnolo
Pubblicazione: México : Time-Life, 1976
Serie:(Orígenes del Hombre)
Soggetti:
Tags: Aggiungi Tag
Nessun Tag, puoi essere il primo ad aggiungerne!!

MARC

LEADER 00000nam^a2200000^a^4500
001 000018669
005 20250521000000.0
009 20260310084226.874
037 |a Acervo ITESO - Biblioteca 
041 |a ESP 
082 |a 909.  |b ORI V. 6 
100 |a Claiborne, Robert  |e (autor) 
245 1 4 |a Los primeros americanos /  |c R. Clairborne. 
264 1 |a México :  |b Time-Life,  |c 1976 
300 |a 160 p. 
336 |a texto  |b txt  |2 rdacontenido 
337 |a sin mediación  |b n  |2 rdamedio 
338 |a volumen  |b nc  |2 rdasoporte 
440 1 |a (Orígenes del Hombre) 
520 |a Serie que trata sobre el devenir histórico del hombre, desde sus orígenes y gradual evolución hasta el desarrollo de diversas habilidades y comportamientos que lo llevaron a fundar las grandes civilizaciones. 
649 |a XX 
650 |a América -  |x Historia -  |y Epoca Prehispánica 
650 |a Historia Antigua 
910 |a Fondo General 
920 |a Impresos - Libros 
930 |a Colección General 
905 |a 101 
901 |a 0186690100  |b IT1  |c ACC  |i 018669  |u 20250521 
902 |a https://opac.biblio.iteso.mx/vufind/Record/000018669